PUBLIC INTERNATIONAL LAW/ (Record no. 178282)

MARC details
000 -LEADER
fixed length control field 00626nam a22001937a 4500
005 - DATE AND TIME OF LATEST TRANSACTION
control field 20210324125632.0
010 ## - LCCN (DPL NO)
LC control number ENG-129281
020 ## - INTERNATIONAL STANDARD BOOK NUMBER
International Standard Book Number 978-93-89991-58-1
Terms of availability 625.00
035 ## - SYSTEM CONTROL NUMBER
System control number EN-112813
037 ## - SOURCE OF ACQUISITION
Source of stock number/acquisition DBAD/PUB
082 ## - DEWEY DECIMAL CLASSIFICATION NUMBER
Classification number 341
100 ## - MAIN ENTRY--PERSONAL NAME
Personal name Ahuja, V.K.
245 ## - TITLE STATEMENT
Title PUBLIC INTERNATIONAL LAW/
Statement of responsibility, etc V.K. AHUJA
260 ## - PUBLICATION, DISTRIBUTION, ETC. (IMPRINT)
Name of publisher, distributor, etc LexisNexis
Place of publication, distribution, etc GURGAON
Date of publication, distribution, etc 2021
270 ## - ADDRESS
Address 14th floor, Building No 10 , Tower - B, DLF Cyber City, Phase -II
City GURGAON
Postal code 122002
Electronic mail address help.in@lexisnexis.com
Telephone number +91 1244774444
Fax number +91 1244774100
300 ## - PHYSICAL DESCRIPTION
Extent 434p.
Dimensions 24cm(hbk)
700 ## - ADDED ENTRY--PERSONAL NAME
Personal name Das, Tapas
942 ## - ADDED ENTRY ELEMENTS (KOHA)
Source of classification or shelving scheme Dewey Decimal Classification
Item type English Books
Classification part 341
Call number suffix AHU
Edition 2ND
Holdings
Withdrawn status Lost status Not for loan Collection code Home library Current library Date acquired Source of acquisition Cost, normal purchase price Full call number Barcode Copy number Cost, replacement price Koha item type
      Non-fiction Shahdara Branch Shahdara Branch 24/03/2021 DBAD/PUB 625.00 341 AHU EN-112813 1 625.00 English Books

© Delhi Public Library
Hit Counter
free hit counter